| 000 | 00840 a2200241 4500 | ||
|---|---|---|---|
| 020 | _a0028048377 | ||
| 035 | _a(OCoLC)ocm41991374 | ||
| 040 |
_aDLC _bDLC |
||
| 082 | 0 | 0 | _a621.382 |
| 100 | 1 | _aFrenzel, Louis E. | |
| 245 | 1 | 0 |
_aCommunication electronics : principles and applications _cLouis E. Frenzel. |
| 250 | _a3rd ed. | ||
| 260 |
_aNew York : _bGlencoe, _cc2001. |
||
| 300 |
_axii, 532 p. : _bill. ; _c29 cm. + _e 1 experiments manual. |
||
| 440 | 0 | _aBasic skills in electricity and electronics | |
| 500 | _aIncludes index. | ||
| 650 | 0 | _aElectronics. | |
| 650 | 0 |
_aRadio _xReceivers. |
|
| 650 | 0 | _aTelecommunication. | |
| 856 | 4 | 2 |
_3Publisher description _uhttp://www.loc.gov/catdir/description/mh031/99040937.html |
| 856 | 4 | 2 |
_3Table of contents _uhttp://www.loc.gov/catdir/toc/mh031/99040937.html |
| 942 |
_cBK _k621.382 FRE _2ddc |
||
| 999 |
_c8127 _d8127 |
||